000 00452nam a22001697a 4500
005 20251108165527.0
008 250721s1984 xx 000 0 ara d
082 1 4 _aم/291/أحم
100 1 _aشلبي، أحمد
245 1 0 _aمقارنة الأديان /
250 _aط6
264 1 _aالقاهره :
_bمكتبة النهضة المصرية،
_c1984.
300 _a
650 1 7 _aالديانات
942 _2ddc
_cREF
999 _c30025
_d30025